[Event "Mittelfranken-chTB2a 1920"]
[Site "Mittelfranken"]
[Date "2020.03.22"]
[Round "8.6"]
[White "Gewondow, Narek"]
[Black "Koschka, Guenther"]
[Result "1/2-1/2"]
[WhiteElo "1736"]
[BlackElo "1727"]
[PlyCount "87"]
[EventDate "2019.10.13"]
[EventType "team-tourn"]
[EventRounds "9"]
[EventCountry "GER"]
[SourceTitle "EXT 2023"]
[Source "ChessBase"]
[SourceDate "2022.10.05"]
[SourceVersion "1"]
[SourceVersionDate "2022.10.05"]
[SourceQuality "1"]
[WhiteTeam "Fuerth SG II"]
[BlackTeam "Fuerth SF"]
[WhiteTeamCountry "GER"]
[BlackTeamCountry "GER"]

1. e4 e5 2. Nf3 d6 3. Nc3 Nf6 4. Be2 Be7 5. d3 0-0 6. 0-0 c5 7. Re1 a6 8. a4 b6 9. Bd2 Nc6 10. Na2 a5 11. c3 d5 12. Qc2 Bb7 13. Bf1 dxe4 14. dxe4 Qc8 15. Bb5 Bd6 16. Rad1 Rd8 17. Bg5 Qe6 18. Nc1 Bc7 19. Bxf6 Qxf6 20. Rxd8+ Rxd8 21. Rd1 Na7 22. Rxd8+ Qxd8 23. Bd3 Nc8 24. h3 Ne7 25. Ne2 Ng6 26. b3 Nf8 27. Kf1 Ne6 28. Kg1 g6 29. Nd2 Qg5 30. Nf3 Qf6 31. Qd2 Qd8 32. Qc2 Bc8 33. Kf1 Qf6 34. Kg1 Nf4 35. Nxf4 Qxf4 36. Qd2 Qf6 37. Qh6 Bd8 38. Qe3 Be6 39. c4 Kg7 40. Kf1 h6 41. Kg1 Bc7 42. Bc2 Qd8 43. Qd2 Qxd2 44. Nxd2 1/2-1/2

[Event "Mittelfranken-chTB2a 1819"]
[Site "Mittelfranken"]
[Date "2019.02.10"]
[Round "5.7"]
[White "Stoll, Tobias"]
[Black "Koschka, Guenther"]
[Result "1-0"]
[WhiteElo "1674"]
[BlackElo "1728"]
[PlyCount "85"]
[EventDate "2018.10.14"]
[EventType "team-tourn"]
[EventRounds "9"]
[EventCountry "GER"]
[SourceTitle "EXT 2022"]
[Source "ChessBase"]
[SourceDate "2021.10.06"]
[SourceVersion "1"]
[SourceVersionDate "2021.10.06"]
[SourceQuality "1"]
[WhiteTeam "Cadolzburg"]
[BlackTeam "Fuerth SF"]
[WhiteTeamCountry "GER"]
[BlackTeamCountry "GER"]

1. e4 e5 2. Bc4 d6 3. Nc3 Nc6 4. d3 Nf6 5. f4 Bg4 6. Nge2 exf4 7. Bxf4 Ne5 8. Bb3 Be7 9. Qd2 a6 10. Bxe5 dxe5 11. Qg5 0-0 12. Qxe5 Bd6 13. Qg5 h6 14. Qh4 Be5 15. Qf2 Bxe2 16. Qxe2 Qd7 17. 0-0-0 c5 18. Nd5 Rad8 19. Rdf1 Qd6 20. Rf3 Rd7 21. h3 Ne8 22. Rhf1 Kh8 23. c3 Nc7 24. g4 Ne6 25. h4 f6 26. g5 fxg5 27. Rxf8+ Nxf8 28. hxg5 Nh7 29. gxh6 gxh6 30. Qh5 Rg7 31. Ne3 Bf4 32. Qe2 Rg3 33. Rf3 Rxf3 34. Qxf3 Ng5 35. Qe2 Qd7 36. Kc2 Qh3 37. Nd5 Be5 38. Qf2 Nf3 39. Ne7 Bh2 40. Bd5 Bg1 41. Qe2 b5 42. e5 Ng5 43. e6 1-0

[Event "Mittelfranken-chTB2a 1718"]
[Site "Mittelfranken"]
[Date "2018.04.22"]
[Round "8.5"]
[White "Koschka, Guenther"]
[Black "Metzenroth, Dieter"]
[Result "0-1"]
[WhiteElo "1793"]
[BlackElo "1728"]
[PlyCount "88"]
[EventDate "2017.10.08"]
[EventType "team-tourn"]
[EventRounds "9"]
[EventCountry "GER"]
[SourceTitle "EXT 2022"]
[Source "ChessBase"]
[SourceDate "2021.10.06"]
[SourceVersion "1"]
[SourceVersionDate "2021.10.06"]
[SourceQuality "1"]
[WhiteTeam "Fuerth SF"]
[BlackTeam "Cadolzburg"]
[WhiteTeamCountry "GER"]
[BlackTeamCountry "GER"]

1. e4 d6 2. d4 Nf6 3. Nc3 Nbd7 4. Nf3 e5 5. dxe5 dxe5 6. Bc4 Be7 7. 0-0 c6 8. a4 h6 9. b3 Qc7 10. Bb2 0-0 11. Qe2 Re8 12. Rad1 Nf8 13. Nh4 Ne6 14. Nf5 Nf4 15. Nxe7+ Qxe7 16. Qd2 Bg4 17. f3 Be6 18. Bxe6 Nxe6 19. Qf2 Nh5 20. Ne2 Nef4 21. Nxf4 Nxf4 22. Rd2 Qg5 23. Kh1 Rad8 24. Rfd1 a6 25. Bc3 Rxd2 26. Rxd2 Qe7 27. g3 Ng6 28. Ba5 Nf8 29. Qe3 Ne6 30. Rd1 Nd4 31. Qd3 b5 32. axb5 axb5 33. Qc3 c5 34. b4 c4 35. Bb6 Ra8 36. Bc5 Qf6 37. Kg2 Ra2 38. Rd2 Qd8 39. Bxd4 exd4 40. Rxd4 Rxc2+ 41. Qxc2 Qxd4 42. Kf1 c3 43. Ke2 Qxb4 44. Ke3 Qc5+ 0-1

[Event "Mittelfranken-chTB2a 1718"]
[Site "Mittelfranken"]
[Date "2017.10.08"]
[Round "1.5"]
[White "Koschka, Guenther"]
[Black "Schoenberger, Andreas"]
[Result "1/2-1/2"]
[WhiteElo "1793"]
[BlackElo "1798"]
[PlyCount "77"]
[EventDate "2017.10.08"]
[EventType "team-tourn"]
[EventRounds "9"]
[EventCountry "GER"]
[SourceTitle "EXT 2022"]
[Source "ChessBase"]
[SourceDate "2021.10.06"]
[SourceVersion "1"]
[SourceVersionDate "2021.10.06"]
[SourceQuality "1"]
[WhiteTeam "Fuerth SF"]
[BlackTeam "Buechenbach/Roth II"]
[WhiteTeamCountry "GER"]
[BlackTeamCountry "GER"]

1. e4 c5 2. Nf3 Nc6 3. d4 cxd4 4. Nxd4 d6 5. Be2 Nf6 6. Nc3 g6 7. Nxc6 bxc6 8. 0-0 Bg7 9. Bd2 0-0 10. Rb1 Qc7 11. h3 Rd8 12. Bf3 e5 13. Re1 Be6 14. b3 Rac8 15. Qc1 d5 16. Bg5 Rd7 17. Na4 dxe4 18. Bxe4 Nxe4 19. Rxe4 c5 20. Nb2 Rd4 21. Re1 f6 22. c3 Rd7 23. Be3 c4 24. Na4 Bf8 25. b4 Bf5 26. Rb2 Rcd8 27. g4 Bd3 28. Nc5 Bxc5 29. Bxc5 Qc6 30. Qe3 a6 31. g5 Re8 32. gxf6 Qxf6 33. f4 e4 34. Bd4 Qf5 35. Rg2 Rf7 36. Be5 Qd7 37. Rg5 Qa4 38. Qd2 Qd7 39. Qe3 1/2-1/2

[Event "Regionalliga NO 1314"]
[Site "Bayern"]
[Date "2013.11.10"]
[Round "2.7"]
[White "Schoen, Rudolf"]
[Black "Koschka, Guenther"]
[Result "1-0"]
[WhiteElo "1854"]
[BlackElo "1825"]
[PlyCount "53"]
[EventDate "2013.10.13"]
[EventType "team-tourn"]
[EventRounds "9"]
[EventCountry "GER"]
[SourceTitle "EXT 2015"]
[Source "ChessBase"]
[SourceDate "2014.11.20"]
[SourceVersion "1"]
[SourceVersionDate "2014.11.20"]
[SourceQuality "1"]
[WhiteTeam "Windischeschenbach"]
[BlackTeam "Fuerth SF"]
[WhiteTeamCountry "GER"]
[BlackTeamCountry "GER"]

1. e4 e5 2. Nf3 d6 3. d4 exd4 4. Nxd4 Nf6 5. Nc3 Be7 6. Be2 0-0 7. Be3 Bd7 8. 0-0 Nc6 9. f4 Qc8 10. Kh1 a6 11. Bf3 Re8 12. Qe1 Nxd4 13. Bxd4 c5 14. Bg1 Bc6 15. Qg3 Bf8 16. e5 Nd7 17. Rae1 Nb6 18. f5 dxe5 19. Rxe5 Rxe5 20. Qxe5 Bxf3 21. Rxf3 Qe8 22. Qc7 Nc4 23. Qf4 Na5 24. Ne4 Qc6 25. f6 g6 26. Rh3 h5 27. Rxh5 1-0

[Event "Mittelfranken-chTB2a 1213"]
[Site "Germany"]
[Date "2013.02.11"]
[Round "7.1"]
[White "Koschka, Guenther"]
[Black "Goetz, Dieter"]
[Result "0-1"]
[WhiteElo "1895"]
[BlackElo "1931"]
[PlyCount "84"]
[EventDate "2012.10.07"]
[EventType "team-tourn"]
[EventRounds "9"]
[EventCountry "GER"]
[SourceTitle "EXT 2019"]
[Source "ChessBase"]
[SourceDate "2018.10.10"]
[SourceVersion "1"]
[SourceVersionDate "2018.10.10"]
[SourceQuality "1"]
[WhiteTeam "Fuerth SF II"]
[BlackTeam "Nuernberg SK 1911 II"]
[WhiteTeamCountry "GER"]
[BlackTeamCountry "GER"]

1. e4 d6 2. d4 Nf6 3. Bd3 e5 4. dxe5 dxe5 5. Nf3 Nbd7 6. 0-0 Bc5 7. c4 0-0 8. Nc3 c6 9. Qe2 a5 10. b3 Qe7 11. Na4 Bd6 12. Bb2 Re8 13. Rac1 b6 14. Rfd1 Bc7 15. Qc2 Nf8 16. Rb1 Bg4 17. Be2 Ng6 18. Bc1 Nf4 19. Nc3 N6h5 20. h3 Bc8 21. Be3 Qf6 22. Kh1 Nxe2 23. Qxe2 Nf4 24. Qf1 Qg6 25. Ng1 Qh5 26. f3 Re6 27. Bxf4 exf4 28. Qf2 Rh6 29. Qf1 Be6 30. Rd2 g5 31. Rbd1 g4 32. fxg4 Bxg4 33. Re1 Qe5 34. Rd3 f3 35. Nxf3 Bxf3 36. Kg1 Qh2+ 37. Kf2 Bg3+ 38. Ke3 Bxg2 39. Qg1 Qxh3 40. Kd2 Bxe1+ 41. Qxe1 Qh2 42. Rg3+ Rg6 0-1

[Event "Mittelfranken-chTB2a 1213"]
[Site "Germany"]
[Date "2012.10.07"]
[Round "6.1"]
[White "Pikal, Alexander"]
[Black "Koschka, Guenther"]
[Result "1-0"]
[WhiteElo "1904"]
[BlackElo "1895"]
[PlyCount "75"]
[EventDate "2012.10.07"]
[EventType "team-tourn"]
[EventRounds "9"]
[EventCountry "GER"]
[SourceTitle "EXT 2019"]
[Source "ChessBase"]
[SourceDate "2018.10.10"]
[SourceVersion "1"]
[SourceVersionDate "2018.10.10"]
[SourceQuality "1"]
[WhiteTeam "Ansbach"]
[BlackTeam "Fuerth SF II"]
[WhiteTeamCountry "GER"]
[BlackTeamCountry "GER"]

1. f4 d5 2. Nf3 Nf6 3. e3 e6 4. b3 g6 5. Bb2 Bg7 6. Be2 0-0 7. 0-0 Ne4 8. Bxg7 Kxg7 9. d3 Qf6 10. Ne5 Nd6 11. Nd2 Nd7 12. Ndf3 Qe7 13. Qd2 f6 14. Ng4 Nf7 15. b4 a5 16. a3 Nb8 17. Qc3 b6 18. Nf2 Bb7 19. g4 Nd6 20. g5 Nb5 21. Qb2 axb4 22. Ng4 Nd7 23. axb4 Nd6 24. Rxa8 Rxa8 25. gxf6+ Nxf6 26. Ng5 Nde8 27. Qe5 Bc8 28. f5 gxf5 29. Rxf5 Qd6 30. Nxf6 Qxe5 31. Nxe8+ Kg6 32. Rxe5 Ra7 33. Nh3 Bd7 34. Bh5+ Kh6 35. Nf6 Bc8 36. Ng4+ Kg7 37. Nf4 Ra2 38. Nxe6+ 1-0

[Event "Mittelfranken-chTB2a 1112"]
[Site "Germany"]
[Date "2012.03.11"]
[Round "8.1"]
[White "Koschka, Guenther"]
[Black "Kozik, Andreas"]
[Result "1/2-1/2"]
[WhiteElo "1895"]
[BlackElo "1877"]
[PlyCount "56"]
[EventDate "2011.09.25"]
[EventType "team-tourn"]
[EventRounds "9"]
[EventCountry "GER"]
[SourceTitle "EXT 2018"]
[Source "ChessBase"]
[SourceDate "2017.10.13"]
[SourceVersion "1"]
[SourceVersionDate "2017.10.13"]
[SourceQuality "1"]
[WhiteTeam "Fuerth SF II"]
[BlackTeam "Nuernberg NT V"]
[WhiteTeamCountry "GER"]
[BlackTeamCountry "GER"]

1. e4 c5 2. Nf3 Nc6 3. d4 cxd4 4. Nxd4 g6 5. Nxc6 bxc6 6. Be2 Bg7 7. c3 Qb6 8. 0-0 Nf6 9. Nd2 0-0 10. Nc4 Qc7 11. Qc2 d5 12. exd5 cxd5 13. Na3 a6 14. Qa4 Bd7 15. Qh4 Rfe8 16. Nc2 Bb5 17. Nd4 Bxe2 18. Nxe2 Qb6 19. Rb1 Rac8 20. Be3 Qa5 21. a3 Rc4 22. Qh3 e5 23. Rfd1 Qd8 24. Bg5 Qd6 25. Qd3 Rd8 26. Ng3 Rc7 27. Ne4 Qe6 28. Qf3 Rc6 1/2-1/2

[Event "Mittelfranken-chTB2a 1112"]
[Site "Germany"]
[Date "2012.02.26"]
[Round "7.1"]
[White "Brenner, Christian"]
[Black "Koschka, Guenther"]
[Result "1/2-1/2"]
[WhiteElo "2000"]
[BlackElo "1895"]
[PlyCount "59"]
[EventDate "2011.09.25"]
[EventType "team-tourn"]
[EventRounds "9"]
[EventCountry "GER"]
[SourceTitle "EXT 2018"]
[Source "ChessBase"]
[SourceDate "2017.10.13"]
[SourceVersion "1"]
[SourceVersionDate "2017.10.13"]
[SourceQuality "1"]
[WhiteTeam "Nuernberg Zabo"]
[BlackTeam "Fuerth SF II"]
[WhiteTeamCountry "GER"]
[BlackTeamCountry "GER"]

1. e4 e5 2. Nf3 d6 3. d4 exd4 4. Qxd4 Nc6 5. Bb5 Bd7 6. Bxc6 Bxc6 7. Nc3 Nf6 8. Bg5 Be7 9. 0-0-0 0-0 10. Rhe1 Nd7 11. h4 Bf6 12. Qd2 h6 13. Bf4 Re8 14. Nd4 Bxh4 15. Nf3 Ne5 16. Rh1 Nxf3 17. gxf3 Bg5 18. Rdg1 Re5 19. Kb1 Bxf4 20. Qxf4 Rg5 21. Rd1 Qe7 22. Ne2 Qe5 23. Qd2 Qc5 24. Ng3 Qa5 25. Qe3 Re8 26. Qd4 Qc5 27. Qd2 Qa5 28. Qd4 Qc5 29. Qd2 Qa5 30. Qd4 1/2-1/2

[Event "Mittelfranken-chTB2a 1011"]
[Site "Germany"]
[Date "2011.03.13"]
[Round "7.1"]
[White "Engelmann, Wolfgang"]
[Black "Koschka, Guenther"]
[Result "1-0"]
[WhiteElo "2099"]
[BlackElo "1930"]
[PlyCount "83"]
[EventDate "2010.09.26"]
[EventType "team-tourn"]
[EventRounds "9"]
[EventCountry "GER"]
[SourceTitle "EXT 2012"]
[Source "ChessBase"]
[SourceDate "2011.11.24"]
[SourceVersion "1"]
[SourceVersionDate "2011.11.24"]
[SourceQuality "1"]
[WhiteTeam "Rothenburg/Tauber"]
[BlackTeam "Fuerth II"]
[WhiteTeamCountry "GER"]
[BlackTeamCountry "GER"]

1. e4 e5 2. Nc3 d6 3. Bc4 Nf6 4. d3 Be7 5. f4 c6 6. Nf3 exf4 7. Bxf4 0-0 8. Bb3 Qa5 9. 0-0 Bg4 10. h3 Bh5 11. Qe1 Bxf3 12. Rxf3 Nbd7 13. g4 Ne5 14. Rf1 Ng6 15. Be3 Nd7 16. Nd5 Qxe1 17. Nxe7+ Nxe7 18. Raxe1 d5 19. Bd4 f6 20. exd5 Nxd5 21. Re6 Rfe8 22. Rfe1 Ne5 23. Rxe8+ Rxe8 24. Kf2 b6 25. Bc3 Kf8 26. Bd2 Nd7 27. Rxe8+ Kxe8 28. c4 Ne7 29. d4 Kd8 30. Bc2 c5 31. dxc5 bxc5 32. Bxh7 g6 33. Bh6 Ke8 34. h4 Ne5 35. Kg3 Nxc4 36. h5 Kf7 37. hxg6+ Nxg6 38. Bxg6+ Kxg6 39. Bf8 Nxb2 40. Bxc5 Na4 41. Bd4 a6 42. Kf4 1-0

[Event "Mittelfranken-chTB1 1011"]
[Site "Germany"]
[Date "2011.01.23"]
[Round "5.7"]
[White "Koschka, Guenther"]
[Black "Roesch, Otto"]
[Result "0-1"]
[WhiteElo "1930"]
[BlackElo "1890"]
[PlyCount "78"]
[EventDate "2010.09.26"]
[EventType "team-tourn"]
[EventRounds "9"]
[EventCountry "GER"]
[SourceTitle "EXT 2012"]
[Source "ChessBase"]
[SourceDate "2011.11.24"]
[SourceVersion "1"]
[SourceVersionDate "2011.11.24"]
[SourceQuality "1"]
[WhiteTeam "Fuerth"]
[BlackTeam "Altensittenbach"]
[WhiteTeamCountry "GER"]
[BlackTeamCountry "GER"]

1. e4 e5 2. Nf3 Nc6 3. d4 exd4 4. Nxd4 Bc5 5. Nxc6 bxc6 6. Be2 d6 7. 0-0 h6 8. c3 Nf6 9. Bf3 Bd7 10. b3 0-0 11. Bb2 a5 12. c4 Nh7 13. Nc3 Ng5 14. Na4 Ba7 15. Qd3 Nxf3+ 16. Qxf3 Qg5 17. Qg3 Qg4 18. Qxg4 Bxg4 19. h3 Be6 20. Rad1 f6 21. Rd2 Rfe8 22. Re1 Bf7 23. Rde2 Re7 24. Bc3 Bh5 25. g4 Bg6 26. Kg2 h5 27. f4 Bb8 28. e5 hxg4 29. hxg4 fxe5 30. fxe5 d5 31. c5 Ba7 32. Kg3 Be4 33. Rh2 Rf8 34. Re3 Ref7 35. Rhe2 g5 36. e6 Rf3+ 37. Kh2 Rf1 38. e7 Re8 39. Bf6 Rxf6 0-1

[Event "Mittelfranken-chTB2a 1011"]
[Site "Germany"]
[Date "2010.10.17"]
[Round "2.1"]
[White "Koschka, Guenther"]
[Black "Vogiatzis, Dimitrios"]
[Result "1/2-1/2"]
[WhiteElo "1930"]
[BlackElo "2044"]
[PlyCount "95"]
[EventDate "2010.09.26"]
[EventType "team-tourn"]
[EventRounds "9"]
[EventCountry "GER"]
[SourceTitle "EXT 2012"]
[Source "ChessBase"]
[SourceDate "2011.11.24"]
[SourceVersion "1"]
[SourceVersionDate "2011.11.24"]
[SourceQuality "1"]
[WhiteTeam "Fuerth II"]
[BlackTeam "Nuernberg NT V"]
[WhiteTeamCountry "GER"]
[BlackTeamCountry "GER"]

1. e4 Nc6 2. Nf3 f5 3. exf5 d5 4. d4 Bxf5 5. Bb5 Nf6 6. Ne5 Qd6 7. 0-0 a6 8. Bxc6+ bxc6 9. c3 Nd7 10. Bf4 Rb8 11. b3 Nxe5 12. Bxe5 Qd7 13. Qe2 Rb6 14. Re1 e6 15. Nd2 Ba3 16. Nf1 0-0 17. Ng3 Bg6 18. Nh5 Rf7 19. Nf4 Bf5 20. g4 Be4 21. f3 Bg6 22. Nxg6 hxg6 23. Qd3 g5 24. Re2 c5 25. Rae1 cxd4 26. cxd4 Rc6 27. Kg2 Bb4 28. Rf1 a5 29. Rff2 Rc3 30. Qg6 Be7 31. Rc2 Rxc2 32. Rxc2 c6 33. Re2 c5 34. dxc5 Qb5 35. Rc2 Bxc5 36. Rd2 a4 37. bxa4 Qxa4 38. Qd3 Qa3 39. Qxa3 Bxa3 40. Rd3 Ra7 41. Rc3 Be7 42. Rc2 Bf6 43. Bd6 Ra4 44. a3 Kf7 45. Bb4 e5 46. Kf2 Ke6 47. Rc6+ Kd7 48. Rd6+ 1/2-1/2

[Event "Mittelfranken-chTB2a 0910"]
[Site "Mittelfranken"]
[Date "2010.02.21"]
[Round "7.1"]
[White "Walter, Thomas"]
[Black "Koschka, Guenther"]
[Result "1-0"]
[WhiteElo "2138"]
[BlackElo "1953"]
[PlyCount "83"]
[EventDate "2009.10.11"]
[EventType "team-tourn"]
[EventRounds "9"]
[EventCountry "GER"]
[SourceTitle "EXT 2011"]
[Source "ChessBase"]
[SourceDate "2010.11.26"]
[SourceVersion "1"]
[SourceVersionDate "2010.11.26"]
[SourceQuality "1"]
[WhiteTeam "Erlangen SC II"]
[BlackTeam "Fuerth SF II"]
[WhiteTeamCountry "GER"]
[BlackTeamCountry "GER"]

1. e4 e5 2. f4 d6 3. Bc4 Nf6 4. d4 exd4 5. Qxd4 Nc6 6. Qe3 Be7 7. Nf3 0-0 8. 0-0 b6 9. Qe2 Bg4 10. c3 a5 11. b3 Qc8 12. Ba3 Be6 13. Bd3 Bd7 14. e5 Ne8 15. Nbd2 h6 16. Qe4 g6 17. e6 d5 18. exd7 Qxd7 19. Qa4 Bxa3 20. Qxa3 Ne7 21. Rae1 Nf5 22. Ne5 Qd6 23. Qxd6 Nexd6 24. g4 Ng7 25. Nd7 Rfd8 26. Nf6+ Kf8 27. Nf3 c6 28. Re5 Ra7 29. g5 h5 30. Nd4 Rc7 31. h4 Rcc8 32. f5 gxf5 33. Nxf5 Ndxf5 34. Bxf5 Rc7 35. Bd3 Re7 36. Nh7+ Ke8 37. Nf6+ Kf8 38. Rfe1 Rxe5 39. Rxe5 Ne6 40. Nxh5 d4 41. c4 Nc5 42. Nf4 1-0

[Event "Mittelfranken-chTB2a 0910"]
[Site "Mittelfranken"]
[Date "2010.01.10"]
[Round "5.1"]
[White "Koschka, Guenther"]
[Black "Glitz, Martin"]
[Result "1/2-1/2"]
[WhiteElo "1953"]
[BlackElo "2022"]
[PlyCount "66"]
[EventDate "2009.10.11"]
[EventType "team-tourn"]
[EventRounds "9"]
[EventCountry "GER"]
[SourceTitle "EXT 2011"]
[Source "ChessBase"]
[SourceDate "2010.11.26"]
[SourceVersion "1"]
[SourceVersionDate "2010.11.26"]
[SourceQuality "1"]
[WhiteTeam "Fuerth SF II"]
[BlackTeam "Herzogenaurach"]
[WhiteTeamCountry "GER"]
[BlackTeamCountry "GER"]

1. e4 c6 2. d4 d5 3. exd5 cxd5 4. Nf3 Bg4 5. Be2 Nc6 6. 0-0 Nf6 7. c3 e6 8. Bg5 Be7 9. Nbd2 0-0 10. Re1 a6 11. a4 Qc7 12. Bh4 Rfe8 13. Bg3 Bd6 14. Bxd6 Qxd6 15. h3 Bh5 16. Nb3 Nd7 17. Qc2 Bg6 18. Bd3 Bxd3 19. Qxd3 h6 20. Re2 Rab8 21. Nbd2 b5 22. axb5 axb5 23. b3 Rec8 24. Nf1 Qc7 25. Rea2 Nf6 26. N3d2 Ne7 27. Ra7 Rb7 28. Rxb7 Qxb7 29. Ra5 Rb8 30. b4 Nf5 31. Nb3 Nd6 32. Nc5 Qc8 33. Nd2 Nc4 1/2-1/2

[Event "Mittelfrankenliga-B1 0708"]
[Site "Mittelfranken"]
[Date "2007.11.25"]
[Round "3.5"]
[White "Koschka, Guenther"]
[Black "Schulz, Wilfried"]
[Result "1/2-1/2"]
[WhiteElo "1958"]
[BlackElo "1910"]
[PlyCount "29"]
[EventDate "2007.10.14"]
[EventType "team-tourn"]
[EventRounds "9"]
[EventCountry "GER"]
[SourceTitle "EXT 2011"]
[Source "ChessBase"]
[SourceDate "2010.11.26"]
[SourceVersion "1"]
[SourceVersionDate "2010.11.26"]
[SourceQuality "1"]
[WhiteTeam "Fuerth SF"]
[BlackTeam "Zirndorf II"]
[WhiteTeamCountry "GER"]
[BlackTeamCountry "GER"]

1. e4 d5 2. exd5 Qxd5 3. d4 Nc6 4. Nf3 Bg4 5. Be2 0-0-0 6. c3 Nf6 7. Be3 e6 8. Nbd2 Be7 9. Qb3 Qxb3 10. Nxb3 Nd5 11. Bd2 Rhe8 12. h3 Bh5 13. 0-0 f6 14. Rfe1 a6 15. Nh2 1/2-1/2

[Event "Mittelfrankenliga-B1 0607"]
[Site "Mittelfranken"]
[Date "2007.03.25"]
[Round "8.4"]
[White "Reuter, Roland"]
[Black "Koschka, Guenther"]
[Result "0-1"]
[WhiteElo "1845"]
[BlackElo "1937"]
[PlyCount "86"]
[EventDate "2006.10.22"]
[EventType "team-tourn"]
[EventRounds "9"]
[EventCountry "GER"]
[SourceTitle "EXT 2011"]
[Source "ChessBase"]
[SourceDate "2010.11.26"]
[SourceVersion "1"]
[SourceVersionDate "2010.11.26"]
[SourceQuality "1"]
[WhiteTeam "Schwabach"]
[BlackTeam "Fuerth SF"]
[WhiteTeamCountry "GER"]
[BlackTeamCountry "GER"]

1. c4 e5 2. Nc3 Nf6 3. Nf3 d6 4. g3 Nc6 5. Bg2 Be7 6. d3 0-0 7. Rb1 a5 8. 0-0 Bd7 9. a3 Qc8 10. Ng5 h6 11. Nge4 Bh3 12. Nxf6+ Bxf6 13. Nd5 Bd8 14. e4 Nd4 15. Be3 c6 16. Nc3 Bxg2 17. Kxg2 Rb8 18. a4 Qd7 19. f4 Bc7 20. f5 f6 21. Qg4 Kh8 22. Bxd4 exd4 23. Ne2 Bb6 24. Nf4 Rfe8 25. Ne6 Bc5 26. Qg6 Re7 27. h4 Qe8 28. Nf4 b5 29. b3 Reb7 30. axb5 cxb5 31. Ra1 Bb4 32. Qg4 Bc3 33. Rad1 bxc4 34. bxc4 a4 35. Nd5 Rb2+ 36. Kh3 a3 37. Qf4 a2 38. Ra1 Re2 39. Nxc3 dxc3 40. Qc1 Rbb2 41. Qxc3 Qh5 42. Rh1 Qf3 43. Raf1 Rh2+ 0-1

[Event "Mittelfrankenliga-B1 0607"]
[Site "Mittelfranken"]
[Date "2006.10.22"]
[Round "1.4"]
[White "Koschka, Guenther"]
[Black "Ederer, Rene"]
[Result "1/2-1/2"]
[WhiteElo "1937"]
[BlackElo "1996"]
[PlyCount "69"]
[EventDate "2006.10.22"]
[EventType "team-tourn"]
[EventRounds "9"]
[EventCountry "GER"]
[SourceTitle "EXT 2011"]
[Source "ChessBase"]
[SourceDate "2010.11.26"]
[SourceVersion "1"]
[SourceVersionDate "2010.11.26"]
[SourceQuality "1"]
[WhiteTeam "Fuerth SF"]
[BlackTeam "Nuernberg NT III"]
[WhiteTeamCountry "GER"]
[BlackTeamCountry "GER"]

1. e4 c6 2. d4 d5 3. exd5 cxd5 4. Nf3 Nc6 5. Bd3 Bg4 6. c3 e6 7. 0-0 Bd6 8. h3 Bh5 9. Be3 Qb6 10. b3 Nge7 11. c4 Qc7 12. Nbd2 Bb4 13. Qc1 Bg6 14. Bxg6 hxg6 15. a3 Bxd2 16. Qxd2 dxc4 17. bxc4 0-0 18. Rfd1 Rfd8 19. Qe2 Qa5 20. Bg5 Rd7 21. Bxe7 Rxe7 22. Qe3 Rd8 23. Rd3 Red7 24. Rad1 Qa4 25. d5 exd5 26. cxd5 Ne7 27. d6 Nf5 28. Qc5 Qa6 29. Ne5 Rxd6 30. Rxd6 Rxd6 31. Rxd6 Nxd6 32. Qc7 Qxa3 33. Qd8+ Kh7 34. Qh4+ Kg8 35. Qd8+ 1/2-1/2

[Event "Mittelfrankenliga-B1 0506"]
[Site "Germany"]
[Date "2006.04.30"]
[Round "9.5"]
[White "Koschka, Guenther"]
[Black "Boehm, Reinhard"]
[Result "1-0"]
[WhiteElo "1938"]
[BlackElo "1844"]
[PlyCount "121"]
[EventDate "2005.10.16"]
[EventType "team"]
[EventRounds "9"]
[EventCountry "GER"]
[SourceTitle "EXT 2007"]
[Source "ChessBase"]
[SourceDate "2006.11.23"]
[SourceVersion "1"]
[SourceVersionDate "2006.11.23"]
[SourceQuality "1"]

1. e4 Nf6 2. e5 Nd5 3. d4 d6 4. exd6 exd6 5. Nf3 Bg4 6. Be2 Be7 7. 0-0 0-0 8. c4 Nb6 9. Nc3 Nc6 10. d5 Bxf3 11. Bxf3 Ne5 12. b3 Bf6 13. Bb2 Nxf3+ 14. Qxf3 Nd7 15. Rae1 Re8 16. Re2 Rxe2 17. Qxe2 Qe8 18. Qd2 Qf8 19. Ba3 Bxc3 20. Qxc3 Re8 21. Bb2 f6 22. Qa5 Re2 23. Bd4 Qe8 24. Qxc7 Re1 25. Qxd6 Qe2 26. Qe6+ Qxe6 27. dxe6 Rxe6 28. Be3 Rd6 29. Rc1 b6 30. Kf1 Kf7 31. Ke2 Ke6 32. Bf4 Ne5 33. Bxe5 fxe5 34. c5 bxc5 35. Rxc5 Rd7 36. Ke3 Kf6 37. Rc6+ Kf5 38. f3 h5 39. h3 h4 40. Rc1 g5 41. b4 Rb7 42. Rc4 Rb6 43. a4 a6 44. Kd3 Rd6+ 45. Kc2 Rb6 46. Kc3 Ke6 47. Rc5 Rd6 48. b5 axb5 49. axb5 Rb6 50. Kb4 Kd6 51. Kc4 Rb8 52. Rc6+ Kd7 53. Rg6 Rc8+ 54. Kd5 Rc2 55. Rg7+ Kc8 56. Rxg5 Kb7 57. Kxe5 Kb6 58. Kf6 Rc4 59. Rg4 Rc5 60. f4 Kxb5 61. Rg5 1-0